[Event "Alberta Closed"]
[Site "Calgary"]
[Date "2025.03.29"]
[Round "2.3"]
[White "Soberov, Emil"]
[Black "Bahmani, Amir Mohammad"]
[Result "0-1"]
[Annotator "John Upper"]
[WhiteElo "2240"]
[BlackElo "2356"]
[WhiteFideId "-1"]
[BlackFideId "-1"]
[PlyCount "120"]
[Beauty "6393197012562"]
[GameId "2259109823860097"]
[EventDate "2025.??.??"]
[EventCountry "CAN"]
[SourceTitle "Chess Canada 25"]
[Source "JohnUpper?CFC"]
[SourceDate "2025.06.29"]
[SourceVersion "1"]
[SourceVersionDate "2026.07.01"]
[SourceQuality "1"]

{Amir Bahmani finished clear 2nd in the 2025 Alberta Closed, losing to winner Tymur Keleberda, but winning his other four games.} 1. e4 e5 2. Nf3 Nc6 3. Bb5 Bc5 4. d3 {[#] Not a Morphy or Alekhine move -- 3.c3 -- and now Black no longer has to prep for a quick d2-d4, with or without xe5. It's slow, but not objectively worse.} Nf6 5. Nc3 d6 6. O-O O-O {[#] Black would like to play ...e7-g6 and ...c6. White usually stops this with a4 (getting the  pair) or xc6. Historically, the most common move here has been 7.g5, but it's no longer played at the top level because after 7...h6 8.h4 d4! is considered to be better for Black.} 7. a3 $6 {More slow play.} Ne7 {The position is almost symmetrical, but a standard way to play for the center (...c6) will gain time off the b5. The computer already prefers Black.} 8. d4 exd4 9. Nxd4 Ng6 10. Re1 c6 11. Bf1 Re8 12. Nb3 {[#]} Bxf2+ $3 ({The computer prefers Black after} 12... Bg4 {but the game line is vastly more entertaining!}) 13. Kxf2 Ng4+ 14. Kg1 $8 Qh4 15. h3 $8 N6e5 $8 {[#]Critical Position White to play and... ? -------------------- If you think that there's no way xf2 was anything more than coffee-house nonsense then you're in for a surprise. The sac is not winning, but White is under serious pressure. From a practical point of view it's even worse: there is more than one way to keep the balance, but nothing that gives an advantage -- which could mess with your head if you keep analyzing in a vain search for a refutation.} (15... Qf2+ $2 16. Kh1 Qg3 17. hxg4 Bxg4 18. Re3 $18 ({Bonus style-points for finding} 18. Ne2 Qf2 19. Qd4 $1 Qxe1 20. Bg5 $8 $18 {trapping the .}) 18... Qh4+ 19. Rh3 $8 $18) 16. Qe2 $4 {This prevents the repetitions with ...f2+, but doesn't defend h2 and doesn't give the  a way out.} (16. Bf4 $4 {hangs the } Qf2+ $19) (16. Qxd6 $4 {trying to defend h2 does worse than just losing the } Qg3 17. hxg4 Nf3+ {does more than win the :} 18. Kh1 Qh4+ 19. Qh2 Qxh2#) (16. hxg4 $2 Nxg4 17. Qxd6 {Black has a draw in hand with ...f2-h4, but wins with:} Re5 $3 (17... Qxe1 $2 18. Qf4 $16) (17... Qf2+ 18. Kh1 Qxe1 $2 19. Bg5 $8 $16) 18. Bf4 Rh5 (18... Qf2+ {just changes the move order.}) 19. Bh2 Qf2+ $8 (19... Nxh2 $4 20. g3 $18) 20. Kh1 Rxh2+ 21. Qxh2 Nxh2 22. Kxh2 Qxc2 $19 {White is materially up for now, but soon will lose pawns and have no good squares for his s.}) (16. Nd4 $1 Qg3 17. hxg4 Nxg4 18. Nf3 Qf2+ 19. Kh1 Re5 $8 20. Bf4 Rh5+ 21. Bh2 Qg3 22. Kg1 $8 Nxh2 (22... Qf2+ $11 {is still a draw, whenever Black wants.}) 23. Nxh2 Qxh2+ 24. Kf2 Rg5 $13) (16. Be3 $1 {like the game move this also stops ...f2 tactics, but leaving e2 unblocked is a big difference.} Qg3 17. hxg4 $8 Nxg4 18. Bd3 $8 {creating an escape route for the .} Re6 $1 (18... Nxe3 $2 19. Qf3 $8 $18) (18... Qh2+ $2 19. Kf1 Qh1+ 20. Bg1 $8 $18 {another point of e3.}) 19. Nd4 $1 Qh2+ 20. Kf1 Qh1+ 21. Bg1 $8 {Analysis Diagram [#] It still looks ugly, but the computer finally prefers White here.} Rg6 (21... Rf6+ $4 22. Nf3 $2 (22. Nf5 $8 $18) 22... Rxf3+ 23. Qxf3 $8 (23. gxf3 $4 Qh3+ 24. Ke2 Qg2+ 25. Bf2 Qxf2#) 23... Nh2+ $13) 22. Nf5 $1 Nh2+ 23. Ke2 Qxg2+ 24. Bf2 $1 (24. Ke3 $6 Bxf5 25. Bxh2 $1 Bg4 26. Be2 $1 Qh3+ $8 $13) 24... Qf3+ 25. Kd2 Qxf2+ 26. Kc1 {Black has three pawns for the piece, but they are a very long way from being useful and White is about to enjoy a very long initiative. --------------- So, what annotation should 12... xf2 get? "!?" was the obvious but insipid choice, but it hardly suggests the calculating burden inflicted by it. Black is now objectively worse, but proving that required best play from White for 14 moves, including finding several "only moves" from tempting choices. OTOH, it also required best play _from Black_ so as to not toss away all his chances, and is it fair to assume this is harder to find that White's best moves?}) 16... Qg3 $8 $19 17. hxg4 Nxg4 18. Bf4 {It was this or xg4: the  can't run and nothing else defends h2.} Qxf4 19. g3 Qxg3+ 20. Qg2 Qf4 $5 21. Qd2 $1 {[#]Critical Position How should Black keep the queens on?} Qf6 $2 (21... Qg3+ $8 $19 {This check is the obvious way to keep the s on, but it's the next move that matters} 22. Qg2 (22. Bg2 Re6 $19 {to cut the  with ...f6} 23. e5 $5 Rh6 $1 {threat ...h1!}) 22... Qe5 $8 $19 {the point: luring the  to the g-file gives ...e6-g6 an extra high-value target.} (22... Qh4 $2 23. Nd4 $8 $11 {stops ...e6 and enables f3.}) (22... Qf4 $2 {would win, but ....} 23. Qd2 Qg3+ {allows a draw claim with} 24. Qg2)) 22. Re2 $1 $11 Re5 23. Rg2 Rh5 24. Be2 Rh4 25. Nd4 h5 $2 26. Rf1 $18 Qe5 {[#]} 27. Bxg4 $6 $16 (27. Nf3 Qc5+ 28. Nd4 $8 $18) (27. Bc4 $18) 27... Rxg4 28. Nf3 (28. Rxg4 $2 Bxg4 $44) (28. Nf5 $1 $16 Qc5+) 28... Qe7 29. Nh2 Rxg2+ 30. Qxg2 {[#]With Black's only  way over on a8 White's  is safe enough, and it's now a  v  imbalance.} Bd7 31. Qg3 Re8 32. Rd1 d5 33. exd5 h4 34. Qf4 g5 $2 {[#] The computer says this is bad, but it requires White to find a sequence of not-so-obvious only moves in the next note to exploit.} 35. Qd4 $14 (35. d6 $8 $18 Qe3+ {the most challenging} (35... gxf4 36. dxe7 Rxe7 37. Kf2 {Black's kingside trio are too degraded to survive.}) 36. Qxe3 Rxe3 {Analysis Diagram [#]} 37. Rd4 $3 {A star move: stopping ...g4 and supporting a possible e4 to harass the pawns and restrain the .} (37. Kf2 $2 Re6 $44 {and ...f6 leaves White no clear targets.}) 37... f5 ({Black is one tempo too slow to consolidate with ...f6 and ...f7:} 37... f6 38. Ne4 $1 {attacking f6 and semi-trapping the .} Kf7 39. Kf2 $18 Rh3 40. Nf3 Rh1 (40... g4 41. Nfg5+ $18) 41. Nc5 $18) (37... Rg3+ $2 {is worse} 38. Kf2 g4 39. Ne4 $18) 38. Kf2 $8 Re6 39. Nf3 $8 Rg6 40. Ne5 Rg7 {and one straightforward way to win is to help the d-pawn} 41. Nxd7 Rxd7 42. Na4 b6 43. c4 $18) 35... c5 36. Qf2 g4 37. Qf4 {[#]} f5 $2 (37... Qe5 $142 $13) (37... Qe3+ $142 38. Qxe3 Rxe3 39. Kf2 Re5 $11) 38. d6 $1 $18 Qe3+ 39. Qxe3 Rxe3 {[#] Queens are off and the mating attacks are over, but this wildly unbalanced position is at least as difficult as the complications triggered by ...xf2. One difficulty comes from the absence of familiar patterns to help select candidate moves. A second difficulty comes from when this position appeared: after a long complex middlegame, the players are both tired and short of time. Keep that in mind as you weave through the forrest of "?"s} 40. Nf1 $2 (40. Nd5 $8 {forking the  and threatening to win the  with f6+.} Re6 41. Ne7+ Kf7 42. Nxf5 {and the black pawns drop.} g3 43. Nf3 $8 $18) 40... Re8 41. Kf2 Kf7 42. Nd5 Re4 43. c3 Kg6 44. Nd2 Re8 45. Ne7+ Kg5 46. Nc4 Be6 {[#]} 47. Ne5 (47. d7 {leads to a sequence that looks like it was composed:} Rd8 $8 {saves the game only because c6 is covered.} 48. Ne5 $8 h3 $8 49. Rd6 Kf6 $8 50. N7g6 $8 {Defending the s and threatening g3 then f4+-, which is an easy tactic to miss.} h2 $8 51. Kg2 $8 g3 $8 $11 {0.00. How can White untangle the s while the  prevents ...d5+?}) 47... f4 $2 (47... Rd8 $142 $11) 48. Re1 $2 (48. d7 $1 {leads to something similar to what we saw in the note at move 47, but with the black pawns more vulnerable, a difference that costs the game:} Rd8 49. Rd6 $1 Kf6 50. N7g6 $8 g3+ (50... b5 51. Nxg4+ $1 (51. Ke2 h3) 51... Kxg6 52. Rxe6+ Kf5 53. Re8 $8 Rxd7 54. Kf3 $8 $18) 51. Kf3 $8 h3 52. Nxf4 $1 Kxe5 53. Rxe6+ $18) 48... g3+ {[#]} 49. Kf3 $4 (49. Kg1 $8 $11 h3 50. Nf3+ Kg4 51. Ne5+ $11) 49... h3 $2 (49... Rd8 $8 $19 50. d7 Rxd7 $3 51. Nxd7 Bg4+ $8 52. Ke4 (52. Kg2 f3+) 52... Bxd7 $19 {down a  for , but they're advanced and supported by the  and .}) 50. b4 $2 (50. c4 $8 $11) 50... cxb4 51. axb4 h2 $2 (51... Rd8 $8 $19) 52. Kg2 $8 Rh8 53. Nf3+ Kf6 54. Nd4 Bh3+ 55. Kh1 Bd7 56. Nd5+ Kg5 $8 $11 {[#]Critical Position Attack with e5+ or defend with f3?} 57. Re5+ $4 {Taking the  off the back rank fatally gives Black an additional tactic: ...g2+ then ...h1=.} ({White had several ways to keep the balance, including g2 and} 57. Nf3+ Kf5 $8 (57... Kg4 $4 58. Ne5+ Kh3 59. Nxf4+ $8 $18) 58. c4 (58. Re5+ $4 Kg4 59. Ne1 Bc6 60. d7 Bxd5+ 61. Rxd5 f3 $8 $19) 58... Rh6 59. c5 {A tough position to judge. There are blunders at every branch, but the computer insists it's equal; e.g.} a6 (59... Bc6 $4 60. Ne7+ $8 Kg4 61. Nxc6 $8 Kxf3 62. Ne5+ $1 Kf2 63. Nd3+ $8 $18 (63. Ng4+ $4 Kxe1 64. Nxh6 Kf1 $19) 63... Kf3 64. Nxf4 $1 Kxf4 65. d7 $8 $18) 60. Nd4+ (60. Nb6 $4 Bc6 $19) 60... Kg5 {with an absurdly perfectly balanced position.}) 57... Kg4 $8 $19 58. Nf6+ (58. Re1 Rh5 $1 {setting up ...h3.} 59. c4 (59. Nf6+ Kh3 $19) 59... Rxd5 $1 60. cxd5 Kh3 61. Re2 Bg4 $8 $19 {e.g.} 62. d7 (62. Rd2 f3 $19) 62... Bxe2 63. d8=Q g2#) 58... Kh3 59. Rg5 f3 $1 60. Nxf3 Bc6 $8 0-1

[Event "Bluenose op"]
[Site "Halifax CAN"]
[Date "2025.02.22"]
[Round "3"]
[White "Marchand, Calix"]
[Black "Fillmore, Louis"]
[Result "1-0"]
[Annotator "John Upper"]
[WhiteElo "2237"]
[BlackElo "1881"]
[WhiteFideId "-1"]
[BlackFideId "-1"]
[PlyCount "53"]
[Beauty "8251705934922"]
[GameId "2150702741433037"]
[EventDate "2025.02.21"]
[EventType "swiss"]
[EventRounds "5"]
[EventCountry "CAN"]
[SourceTitle "Chess Canada 25"]
[Source "JohnUpper?CFC"]
[SourceDate "2025.06.29"]
[SourceVersion "1"]
[SourceVersionDate "2026.07.01"]
[SourceQuality "1"]
[WhiteClock "0:41:28"]
[BlackClock "1:12:05"]

{Calix Marchand won the 2025 Bluenose Open with a perfect 5/5. This was the start of a very busy and successful 2025 for the Halifax native: he competed in 25 CFC-rated events, including the NAYCC in Kingston where he won his final-round game to finish in a tie for first with in the U14 with 7/9 and won on TB, securing a direct FM title.   CBC Interview: https://www.cbc.ca/player/play/video/9.6716096} 1. d4 Nf6 2. Nc3 d5 3. Bf4 a6 4. e3 b5 $5 5. h4 $5 {[#] Black's quick queenside expansion has scored well against the Jobava. White's h4 is not the most common, but makes good sense: Black is not going to castle long, so the h-pawn push anticipates a future attack.} e6 (5... h5 6. Nf3 $14 e6 7. Bd3 (7. a4 $1 b4 8. Ne2 $14) 7... Bb7 8. Ne2 c5 9. c3 $1 $14 {1/2 Erigaisi,A (2628)-Carlsen,M (2834) Wch Rapid Almaty 2022 (5)}) 6. g4 b4 $1 $11 (6... Bb4 7. g5 Ne4 8. Nge2 $14 {1-0 Erigaisi,A (2777)-Povshednyi,I (2291) Titled Tuesday intern op 18th Mar Late Chess.com INT blitz 2025 (8)}) 7. Na4 Bd7 8. c4 dxc4 9. Bxc4 {[#]} Bb5 $3 $11 {Nice. Taking on b5 would hit the a4 and open the a-file for Black. Not taking lets Black fight for the light squares and gets some space to complete development.} ({In the Mordor championship later that year, the GM playing Black did worse with:} 9... Bc6 10. Nf3 Nxg4 11. h5 Bd6 12. Rg1 Bxf4 13. Rxg4 Bh6 14. Ne5 $16 {1-0 Vetokhin,S (2569)-Malakhov,V (2643) RUS-ch 78th Moscow 2025 (10)}) 10. b3 Bd6 11. Bxd6 {[#]} Qxd6 (11... cxd6 {looks good, though I can see why someone might not like the look of the doubled d-pawns after} 12. g5 Nd5 13. Bxd5 exd5 {But SF18 rates this as a bit better for Black, since White probably shouldn't take d5 with the } 14. Qf3 Nc6 $1 $13 15. Qxd5 $2 Ne7 $1 {and ...c6 or ...c8-c2 give Black a lot for the pawn.}) 12. g5 Nd5 13. Qe2 Bxa4 14. bxa4 Nc3 15. Qf3 Nc6 16. Bb3 Rd8 17. h5 Na5 {Very unbalanced: White and Black attack on opposite sides while both s sit where they started. SF18 says 0.00 on White's top 4 moves.  [#] Critical Position What happens if White pushes g6 or h6?} (17... Nxd4 $2 {doesn't work} 18. exd4 Qxd4 19. Ne2 $1 (19. Kf1 $18 {is simpler.}) 19... Nxe2 20. Rd1 $8 $18) 18. g6 $5 {SF18 rates it 0.00 after g6, h6, and e2, but the game move challenges Black to find some non-standard moves.} (18. h6 $5 Nxb3 19. hxg7 Rg8 20. axb3 (20. Rxh7 $4 Nxd4 $8 $19) 20... Rxg7 21. Ne2 (21. Qf6 $2 Rg6 $17 ({or} 21... Qd5 $3)) 21... c5 $13) 18... O-O $4 (18... hxg6 $142 $1 19. hxg6 {looks bad, but Black is OK} Rf8 $8 $13 {e.g.} 20. Rh8 $5 Ke7) (18... f5 $142 19. h6 $5 {gotta be ready for this one too!} hxg6 $8 20. hxg7 Rg8 $8 $13 {Analysis Diagram [#] A lower-rated player might feel like he's being pushed off the board here; but the computer isn't lower-rated than anyone/anything, and it says this is equal; e.g.} 21. Rh8 {the most direct.} (21. Qg2 {hits g6 and frees a square for f3-e5.} Nxb3 $5 (21... Kf7 $4 22. Nf3 $18) (21... Rxg7 $13 {is simpler.}) 22. Qxg6+ Kd7 23. axb3 Kc8 $13) 21... Kf7 (21... Kd7 $5) 22. Qh3 {defends h8 and threatens f3-e5} Nxb3 $8 {enables Black to get play against the white  on the light squares.} (22... Rxg7 $2 23. Nf3 $8) 23. axb3 (23. Nf3 $2 Nxa1 24. Ne5+ Qxe5 $8 $19 {due to the mate on d1.}) 23... Qd5 $1 24. Nf3 {Analysis Diagram [#] Critical Position} Rxh8 $8 {It's hard to imagine this move in advance, but you'd probably find it by process of elimination if you got to this position. OTOH, getting to this position would probably you to see this as a saving possibility.} (24... Kxg7 $2 {doesn't get mated, but any check to keep the h-file and White's continuing attack wins.}) 25. gxh8=Q Rxh8 26. Qxh8 Qxf3 {and White can live long, but not prosper, with his two majors so far from offering aide or comfort to the .} 27. Kf1 $1 $11 {27.b8 would be winning, but it's not legal.}) 19. gxh7+ $8 Kxh7 (19... Kh8 20. h6 $8 $18) 20. h6 $8 $18 {[#]} Nxb3 (20... g6 21. Qf6 $8 $18 Rg8 22. Qxf7+ $18) 21. hxg7+ Kxg7 22. Qg4+ Kf6 {[#] White's position is winning, but winning the game still requires finding several "only moves". Which he does...} 23. Qh4+ $8 {Keeping the  on the wrong side of his pawn fence.} (23. axb3 $2 Ke7 $11) 23... Kf5 24. Rh3 $1 Nxd4 $1 {Stops f3 and creates an escape square on e5; a good try, but it's not enough.} 25. exd4 $8 Qxd4 {[#]} 26. Rf3+ $8 (26. Nf3 $4 Qd1+ 27. Rxd1 Rxd1# {it could happen.}) 26... Ke5 27. Qg3+ $8 (27. Qg3+ Kd5 28. Rd3 {wins the .}) 1-0

[Event "Ste-Foy CC '4'"]
[Site "Sainte-Foy CAN"]
[Date "2025.03.03"]
[Round "3"]
[White "Shi, Evan"]
[Black "Dionne, Frederick"]
[Result "1-0"]
[Annotator "John Upper"]
[WhiteElo "1731"]
[BlackElo "1302"]
[WhiteFideId "-1"]
[BlackFideId "-1"]
[PlyCount "53"]
[Beauty "8248082039867"]
[GameId "2153228014596208"]
[EventDate "2025.02.24"]
[EventType "swiss"]
[EventRounds "5"]
[EventCountry "CAN"]
[SourceTitle "Chess Canada 25"]
[Source "JohnUpper?CFC"]
[SourceDate "2025.06.29"]
[SourceVersion "1"]
[SourceVersionDate "2026.07.01"]
[SourceQuality "1"]

1. d4 d5 2. Bg5 f6 {The best-scoring move against the "pseudo-Trompowsky"} 3. Bf4 Nc6 $1 4. Nf3 {[#]} Bg4 (4... g5 $1 5. Bg3 $13 {is the computer's choice, but you have to assume that anyone who plays the psudo-Tromp with White will have much more experience than Black with this very non-standard pawn structure.}) 5. Nbd2 {[#]Most of the GM-games arrive at this position from a London with White to move -- having saved a tempo on c1-f4 instead of c1-g5-f4. That extra tempo makes a difference, which Black tries to exploit right away:} ({The oldest game in Megabase was from the 1975 Canadian Championship:} 5. Bg3 {avoiding the ...xd4 fork trick we see in the main game.} e5 6. dxe5 Bxf3 7. exf3 Nxe5 $1 8. Be2 Bd6 9. O-O Ne7 $14 {0-1 Coudari,C-Berry,J CAN-ch Calgary 1975}) 5... Nxd4 $5 6. Nxd4 e5 {[#]} 7. f3 $5 (7. h3 $1 {has the same idea as f2-f3 -- nudging the g4 so e6 is possible -- but does so without blocking the f3 square.} Bh5 $1 (7... Bd7 $2 {controls e6 and gets the piece back, but White gets a huge development and structural advantage after} 8. e4 $3 {e.g.} dxe4 9. Nxe4 $1 exf4 10. Qf3 $1 {and 000 with a winning advantage. Black can't escape with} c5 11. Nb5 Qa5+ 12. b4 $3 $18) 8. Ne6 $5 (8. N2b3 c6 $13 {is SF18's top line.}) 8... Qe7 9. Nxf8 exf4 10. Nxh7 Rxh7 $15 11. c3 O-O-O $6 (11... g5 $142 {defends f4 and improves the h7.}) 12. Qa4 $1 Kb8 13. Qxf4 g5 14. Qd4 $13 {1-0 Hoffmann,A (2185)-Yagupov,I (2232) Titled Tuesday intern op 25th Jun Early Chess.com INT blitz 2024 (8)}) 7... Bh5 8. Be3 (8. Ne6 {doesn't lose, but after something like} Qe7 9. Nxf8 exf4 10. Nxh7 Rxh7 $15 {it's hard to imagine how White can comfortably develop with the black f4-pawn cramping the kingside. Trying to clear it away now with} 11. g3 $2 Qe5 $1 {just makes things worse.}) 8... exd4 9. Bxd4 c5 10. Bf2 Qb6 {[#]} 11. Qc1 (11. e4 $142 dxe4 12. Nxe4 {Black can't exploit the d-file or White's slightly exposed :} Rd8 (12... f5 13. Qd5 $1 $18 {hits all the weak spots and prepares for 000.}) (12... Qb4+ 13. c3 Qxb2 14. Qa4+ $18) 13. Bd3 $1 (13. Qe2 $18) 13... Qa5+ {unpinning the c-pawn.} 14. Nc3 $1 c4 15. Qe2+ $18 {unpins the  and wins c4, with a material and development advantage.}) 11... O-O-O 12. e4 Qe6 13. Be2 {[#]} Re8 $2 {If Black could replace ...c5 with ...d6 he would be better. But the weakened dark squares and slower development make a big difference, and SF rates this a losing blunder, preferring to sac c5 for develpment with} (13... Ne7 $1 14. Bxc5 Ng6 $1 (14... Nc6 $14) 15. Bxf8 Rhxf8 $1 16. g4 $140 dxe4 17. Nxe4 f5 $1 $19) 14. O-O dxe4 (14... Ne7 15. Bxc5 $16 (15. b4 $3)) 15. Bc4 $1 Qe5 16. Nxe4 f5 {[#]} 17. Bg3 $3 {A piece sac to own the dark squares.} Qd4+ 18. Kh1 fxe4 (18... Qxc4 $2 19. Qf4 $18 Re7 20. Nd6+ {simply wins the ; or you could settle for #5 beginning with b8+.}) 19. Rd1 $1 Qf6 {[#]} (19... Qxc4 20. Qf4 $8 $18 {there's no good way to defend c7 and b8.}) 20. Bb5 $1 (20. Qd2 {also wins, e.g.} Rd8 21. Be6+ $1) 20... Re6 (20... Rd8 {stops mate, but trading one of Black's few active pieces doesn't save the game: White is down a piece but is still attacking with everything, while the black  and  are useless.} 21. Rxd8+ Qxd8 (21... Kxd8 22. Qd2+ Qd4 23. Qa5+ $18) 22. Qf4 Bd6 {There are no good ways to defend b8 and c7, so Black offers to buy off the attack with a piece} (22... Qd6 23. Qf5+) 23. Qf5+ $1 {no sale!} Kb8 24. Rd1 $8 $18) 21. Bd7+ Kd8 22. Bxe6+ Ke7 23. Bb3 Bxf3 {If ...c5 were legal, White could still go f1.} 24. gxf3 Qxf3+ 25. Kg1 g6 26. Rf1 Qg4 27. Qd2 1-0